Research methods in social relations / (Record no. 23583)
[ view plain ]
| 000 -LEADER | |
|---|---|
| fixed length control field | 01577pam a2200349 a 4500 |
| 001 - CONTROL NUMBER | |
| control field | 1054432 |
| 003 - CONTROL NUMBER IDENTIFIER | |
| control field | S3H |
| 005 - DATE AND TIME OF LATEST TRANSACTION | |
| control field | 20180117085948.0 |
| 008 - FIXED-LENGTH DATA ELEMENTS--GENERAL INFORMATION | |
| fixed length control field | 900628s1991 txu b 001 0 eng |
| 010 ## - LIBRARY OF CONGRESS CONTROL NUMBER | |
| LC control number | 90042805 |
| 020 ## - INTERNATIONAL STANDARD BOOK NUMBER | |
| International Standard Book Number | 0030311497 |
| 040 ## - CATALOGING SOURCE | |
| Original cataloging agency | DLC |
| Transcribing agency | DLC |
| Modifying agency | DLC |
| 050 00 - LIBRARY OF CONGRESS CALL NUMBER | |
| Classification number | H62 |
| Item number | .K473 1991 |
| 082 00 - DEWEY DECIMAL CLASSIFICATION NUMBER | |
| Classification number | 300.72 JUD |
| Edition number | 20 |
| 100 1# - MAIN ENTRY--PERSONAL NAME | |
| Personal name | Judd, Charles M. |
| 245 10 - TITLE STATEMENT | |
| Title | Research methods in social relations / |
| Statement of responsibility, etc. | Charles M. Judd, Eliot R. Smith, Louise H. Kidder. |
| 250 ## - EDITION STATEMENT | |
| Edition statement | 6th ed. |
| 260 ## - PUBLICATION, DISTRIBUTION, ETC. | |
| Place of publication, distribution, etc. | Fort Worth : |
| Name of publisher, distributor, etc. | Holt, Rinehart, and Winston, |
| Date of publication, distribution, etc. | c1991. |
| 300 ## - PHYSICAL DESCRIPTION | |
| Extent | xii, 573 p. ; |
| Dimensions | 24 cm. |
| 500 ## - GENERAL NOTE | |
| General note | Rev. ed. of: Research methods in social relations / Louise H. Kidder. 5th ed. 1986. |
| 504 ## - BIBLIOGRAPHY, ETC. NOTE | |
| Bibliography, etc. note | Includes bibliographical references (p. 529-559) and index. |
| 650 #0 - SUBJECT ADDED ENTRY--TOPICAL TERM | |
| Topical term or geographic name entry element | Social sciences |
| General subdivision | Research |
| -- | Methodology. |
| 700 1# - ADDED ENTRY--PERSONAL NAME | |
| Personal name | Smith, Eliot R. |
| 700 1# - ADDED ENTRY--PERSONAL NAME | |
| Personal name | Kidder, Louise H. |
| 700 1# - ADDED ENTRY--PERSONAL NAME | |
| Personal name | Kidder, Louise H. |
| Title of a work | Research methods in social relations. |
| 906 ## - LOCAL DATA ELEMENT F, LDF (RLIN) | |
| a | 7 |
| b | cbc |
| c | orignew |
| d | 1 |
| e | ocip |
| f | 19 |
| g | y-gencatlg |
| 942 ## - ADDED ENTRY ELEMENTS (KOHA) | |
| Source of classification or shelving scheme | |
| Koha item type | Book |
| Withdrawn status | Lost status | Source of classification or shelving scheme | Damaged status | Not for loan | Permanent Location | Current Location | Shelving location | Date acquired | Total Checkouts | Full call number | Barcode | Date last seen | Date last checked out | Price effective from | Koha item type |
|---|---|---|---|---|---|---|---|---|---|---|---|---|---|---|---|
| School of Interdisciplinary Engineering and Sciences (SINES) | School of Interdisciplinary Engineering and Sciences (SINES) | General Stacks | 12/18/2013 | 2 | 300.7KID | RCMS000650 | 08/18/2016 | 06/23/2016 | 12/18/2013 | Book |
